<?xml version="1.0" encoding="UTF-8"?>
<record
    xmlns:xsi="http://www.w3.org/2001/XMLSchema-instance"
    xsi:schemaLocation="http://www.loc.gov/MARC21/slim http://www.loc.gov/standards/marcxml/schema/MARC21slim.xsd"
    xmlns="http://www.loc.gov/MARC21/slim">

  <leader>00752nab a2200229 uc4500</leader>
  <controlfield tag="001">650574</controlfield>
  <controlfield tag="005">20250219090622.0</controlfield>
  <controlfield tag="008">010307e20001201                    spa  </controlfield>
  <datafield tag="035" ind1=" " ind2=" ">
    <subfield code="a">650574</subfield>
  </datafield>
  <datafield tag="035" ind1=" " ind2=" ">
    <subfield code="a">(OCoLC)819899539</subfield>
  </datafield>
  <datafield tag="040" ind1=" " ind2=" ">
    <subfield code="c">comduadb</subfield>
  </datafield>
  <datafield tag="041" ind1=" " ind2=" ">
    <subfield code="a">spa</subfield>
  </datafield>
  <datafield tag="100" ind1="1" ind2="0">
    <subfield code="a">Tort Raventos, Lluis</subfield>
    <subfield code="4">aut</subfield>
    <subfield code="e">aut</subfield>
    <subfield code="9">521043</subfield>
  </datafield>
  <datafield tag="245" ind1="1" ind2="0">
    <subfield code="a">Estrategias didacticas para la adquisicon de valores</subfield>
  </datafield>
  <datafield tag="650" ind1=" " ind2="7">
    <subfield code="a">Estrategias de aprendizaje</subfield>
    <subfield code="2">armarc</subfield>
    <subfield code="9">56901</subfield>
  </datafield>
  <datafield tag="650" ind1=" " ind2=" ">
    <subfield code="a">Valores morales</subfield>
    <subfield code="9">10482</subfield>
  </datafield>
  <datafield tag="650" ind1=" " ind2="7">
    <subfield code="a">H&#xE1;bito</subfield>
    <subfield code="2">lemb</subfield>
    <subfield code="9">36035</subfield>
  </datafield>
  <datafield tag="650" ind1=" " ind2=" ">
    <subfield code="a">Educaci&#xF3;n y valores</subfield>
    <subfield code="9">22973</subfield>
  </datafield>
  <datafield tag="650" ind1=" " ind2=" ">
    <subfield code="a">Ser (Filosof&#xED;a)</subfield>
    <subfield code="9">49614</subfield>
  </datafield>
  <datafield tag="773" ind1="0" ind2=" ">
    <subfield code="t">Revista Espa&#xF1;ola de Pedagog&#xED;a (Madrid)</subfield>
    <subfield code="g">Vol. 58, No. 217, Sep.-Dic. 2000, p. 515-541</subfield>
    <subfield code="w">108023</subfield>
    <subfield code="x">0034-9461</subfield>
    <subfield code="0">88623</subfield>
  </datafield>
  <datafield tag="942" ind1=" " ind2=" ">
    <subfield code="c">ARIMP</subfield>
  </datafield>
  <datafield tag="999" ind1=" " ind2=" ">
    <subfield code="c">190652</subfield>
    <subfield code="d">190652</subfield>
  </datafield>
</record>
